| 000 | 00425nam a2200133Ia 4500 | ||
|---|---|---|---|
| 008 | 220216s9999 xx 000 0 und d | ||
| 100 | _aTiong G L | ||
| 245 | 0 | _aInvestigations on early opening of rubber trees for tapping- A preliminary report | |
| 260 | _bProceedings of the RRIM Rubber Growers Conference, Ipoh, Perak 1986; p240-258 | ||
| 650 | _aRubber | ||
| 650 | _aTapping system | ||
| 700 | _aKheng C O | ||
| 942 | _cJS | ||
| 999 |
_c61648 _d61648 |
||